000 00781cab a2200241 4500
001 WB3314-22
008 090401t1997 xxu||||| |||| 00| 0 eng d
035 _a(Sirsi) u77721
041 _aeng
245 _aISO14001 sites
260 _c1997
350 _a0
490 _aENDS Report
_v(266) March 1997, 3(1)
520 _aThe Environment Agency is resisting industry and Government pressure for sites certified to environmental management standards to be given an automatic relaxation in regulatory oversight.
650 _aECO-MANAGEMENT AND AUDIT SCHEME
650 _aEMAS
650 _aENVIRONMENT AGENCY
650 _aENVIRONMENTAL MANAGEMENT SYSTEMS
650 _aISO14001
690 _aENVIRONMENTAL AND LAND CONSULTANCY
942 _n0
948 _c11/04/1997
999 _c48860
_d48860